Thực hiện và áp dụng pháp luật ở Việt Nam ( Sách tham khảo )
Khái niệm và mục đích của việc thực hiện pháp luật. Áp dụng pháp luật. Quy trình thực hiện và áp dụng pháp luật, những bảo đảm thực hiện pháp luật. Áp dụng pháp luật tương tự...
Guardat en:
| Autor principal: | |
|---|---|
| Format: | Llibre |
| Idioma: | Undetermined |
| Publicat: |
Hà Nội
Chính trị Quốc gia
2009
|
| Matèries: | |
| Etiquetes: |
Afegir etiqueta
Sense etiquetes, Sigues el primer a etiquetar aquest registre!
|
| Thư viện lưu trữ: | Trung tâm Học liệu Trường Đại học Cần Thơ |
|---|
| LEADER | 00939nam a2200217Ia 4500 | ||
|---|---|---|---|
| 001 | CTU_148207 | ||
| 008 | 210402s9999 xx 000 0 und d | ||
| 020 | |c 20000 | ||
| 082 | |a 340.09597 | ||
| 082 | |b Đ406 | ||
| 100 | |a Nguyễn, Minh Đoan | ||
| 245 | 0 | |a Thực hiện và áp dụng pháp luật ở Việt Nam | |
| 245 | 0 | |b ( Sách tham khảo ) | |
| 245 | 0 | |c Nguyễn Minh Đoan | |
| 260 | |a Hà Nội | ||
| 260 | |b Chính trị Quốc gia | ||
| 260 | |c 2009 | ||
| 520 | |a Khái niệm và mục đích của việc thực hiện pháp luật. Áp dụng pháp luật. Quy trình thực hiện và áp dụng pháp luật, những bảo đảm thực hiện pháp luật. Áp dụng pháp luật tương tự... | ||
| 650 | |a Administrative law,Pháp luật Việt Nam | ||
| 904 | |i Nguyên | ||
| 980 | |a Trung tâm Học liệu Trường Đại học Cần Thơ | ||